000 00750cam a22002411 4500
001 med47000116
003 DLC
005 20260227111558.0
008 810725s1944 xx 000 0 spa
010 _amed47000116
035 _a(OCoLC)14723107
040 _aDLC
_cDNLM
_dDLC
042 _apremarc
050 0 0 _aTX353
_b.C634
060 0 0 _aQU 145
_bC837b 1944
060 0 0 _aFilm 6251 no. 8
100 1 _aCosta, Dante,
_d1912-
245 1 0 _aBases de la alimentación racional.
_cVersión castellana de J. W. Steinhart.
260 _aBuenos Aires,
_bEditorial americalee
_c[c1944]
300 _a222, [3] p.
500 _aRevised text of the 2d Brazilian ed. of: Bases da alimentação rational.
500 _aMicrofilmed for preservation
_5DNLM
999 _c37975
_d37975